000 nam a22 7a 4500
999 _c9532
_d9532
008 180201b ||||| |||| 00| 0 eng d
100 _aRaman
_95704
245 _aCyber kids part - II
260 _aNew Delhi
_bRachna Publication
_c2007